Country shortcuts - Statistics

General Stats
  • This quiz has been taken 3,018 times
    2,959 since last reset
  • The average score is 12 of 15
Answer Stats
Country Answer % Correct
United States of America USA
100%
United Kingdom UK
99%
Papua New Guinea PNG
98%
United Arab Emirates UAE
98%
Central African Republic CAR
97%
Dominican Republic DR
96%
New Zealand NZ
96%
Democratic Republic of the Congo DRC
92%
Federated States of Micronesia FSM
91%
Kingdom of Saudi Arabia KSA
91%
People's Republic of China PRC
91%
Democratic People's Republic of Korea DPRK
83%
North Macedonia / Former Yugoslavian Republic of Macedonia FYROM
42%
Taiwan ROC
41%
South Korea ROK
35%
No matching quizzes found
Score Distribution
Percent of People with Each Score
Percentile by Number Answered
Your Score History
You have not taken this quiz since the last reset